Súčasné tendencie vo vývoji slovenského priemyslu Príloha Hospodárskych novín
Súčasná štruktúra a tendencie vybraných ukazovateľov priemyselných odvetví SR do októbra 1995. Predpokladaný vývoj vybraných hlavných ekonomických ukazovateľov do konca r. 1995 a v prvých mesiacoch r. 1996 podľa odhadu Štatistického úradu SR.
Gespeichert in:
| Format: | Buchkapitel |
|---|---|
| Sprache: | Slowakisch |
| Schlagworte: | |
| Tags: |
Keine Tags, Fügen Sie das erste Tag hinzu!
|
MARC
| LEADER | 00000naa a2200000 4500 | ||
|---|---|---|---|
| 001 | r019083 | ||
| 005 | 20221205102058.8 | ||
| 041 | 0 | |a slo | |
| 044 | |a SK | ||
| 245 | 1 | 0 | |a Súčasné tendencie vo vývoji slovenského priemyslu |b Príloha Hospodárskych novín |
| 520 | |a Súčasná štruktúra a tendencie vybraných ukazovateľov priemyselných odvetví SR do októbra 1995. Predpokladaný vývoj vybraných hlavných ekonomických ukazovateľov do konca r. 1995 a v prvých mesiacoch r. 1996 podľa odhadu Štatistického úradu SR. | ||
| 610 | 2 | 0 | |a Slovensko |
| 610 | 2 | 0 | |a január-september |
| 610 | 2 | 0 | |a 1995 |
| 610 | 2 | 0 | |a 1996 |
| 610 | 2 | 0 | |a priemysel |
| 610 | 2 | 0 | |a odvetvia priemyselné |
| 610 | 2 | 0 | |a odhad štatistický |
| 610 | 2 | 0 | |a ukazovatele ekonomické |